000 01066nam a2200277 i 4500
001 181019
003 ES-MaACL
005 20231004110902.0
008 121002s2009 sp ao |||| | spa d
020 _a84-96695-38-7
080 _a908(460.186 Ventosa de Fuentepinilla)
100 1 _aVallejo de Miguel, Alfredo.
_9151525
245 1 0 _aEn Soria las aldeas se mueren
_b: La Ventosa de Fuentepinilla /
_cAlfredo Vallejo de Miguel.
260 _aSoria :
_bDiputación Provincial de Soria,
_c[2009]
300 _a223 p. :
_bil. col. y n., fot. ;
_c25 cm.
490 1 _aPaisajes, lugares y gentes ;
_v6
651 7 _aSoria (Provicia)-
_xDescripción.
_99408
710 1 _aSoria (Provincia).
_bDiputación Provincial.
_96880
740 3 _aLa Ventosa de Fuentepinilla.
830 0 _aPaisajes, lugares y gentes ;
_v6
_9191398
852 _aES-MaACL
_jA-12236
_9187900
_bR.147106
_cDEPO1
_dOlim: N-5241
_xDonación: R.A.E
914 _96336
_aReal Academia Española
_ednr
942 _2udc
_cMONOGRAFIA
999 _c181019
_d181019